000 00893nam a2200289Ia 4500
001 Z_722
003 CHAP
008 220113s1990 xx 000 0 und d
010 _a163815
040 _cCHAP
090 _aTesis A 572
100 _aAndrade de la Cruz, Juan de Dios
_95647
245 _aEfecto del crédito en el desarrollo de una empresa ganadera en Nayarit /
_cpor Juan de Dios Andrade de la Cruz
260 _aChapingo, Méx. :
_bEl autor,
_c1990
300 _a47 h. + anexo ; ilus.
502 _aTesis (Ing. Agrónomo Esp. en Zootecnia) -- UACH. Departamento de Zootecnia
650 _aCrédito ganadero
_xNayarit
_929117
650 _aGanadería
_xNayarit
_944829
650 _aNayarit
_xCrédito ganadero
_9137865
650 _aNayarit
_xGanadería
_9137866
901 _aTESIS A 572
902 _aM
910 _a1990
942 _c2
942 _c2
999 _c163815
_d163815